000
00229nam a2200109Ia 4500
999
_c
6859
_d
6859
020
_a
0-201-62449-4
100
_a
Graham Curtis
245
0
_a
Business Information Systems
260
_a
USA
_b
CRC
_c
1995
300
_a
631
942
_c
BK